Normal view
MARC view
Entry Término cronológico
001 - NÚMERO DE CONTROL
- campo de control: 89056
003 - IDENTIFICADOR DEL NÚMERO DE CONTROL
- campo de control: DO-SdBNP
005 - FECHA Y HORA DE LA ÚLTIMA TRANSACCIÓN
- campo de control: 20260218122015.0
008 - DATOS DE LONGITUD FIJA
- campo de control de longitud fija: 260218|| aca||aabn | a|a d
040 ## - FUENTE DE LA CATALOGACIÓN
- Centro catalogador/agencia de origen: DO-SdBNP
- Centro/agencia transcriptor: DO-SdBNP
148 ## - ENCABEZAMIENTO--TÉRMINO CRONOLÓGICO
- Término cronológico: Novela infantil dominicana
670 ## - FUENTE DE DATOS ENCONTRADOS
- Cita de la fuente: Work cat.: (DO-SdBNP)60163: Galán, Bismar, autor 1961- aut. 1490, Cocorícamo /
